[Event "EU-ch U16 26th"]
[Site "Prague"]
[Date "2016.08.20"]
[Round "3"]
[White "Hallman, Valo"]
[Black "Bryker, Oleksandr"]
[Result "1-0"]
[WhiteElo "2187"]
[BlackElo "1852"]
[PlyCount "45"]
[EventDate "2016.08.18"]
[EventType "swiss"]
[EventRounds "9"]
[EventCountry "CZE"]
[SourceTitle "CBM 174 Extra"]
[Source "ChessBase"]
[SourceDate "2016.10.10"]
[SourceVersion "1"]
[SourceVersionDate "2016.10.10"]
[SourceQuality "1"]

1. Nf3 d5 2. d4 Nf6 3. c4 e6 4. g3 c6 5. Bg2 Bd6 6. Nc3 Nbd7 7. Nd2 0-0 8. 0-0 Re8 9. e4 dxe4 10. Ndxe4 Bc7 11. Be3 h6 12. Nxf6+ Nxf6 13. f4 Qd6 14. g4 Kh8 15. Qf3 Nh7 16. g5 Qf8 17. h4 g6 18. h5 Bd8 19. Ne4 b6 20. gxh6 f5 21. hxg6 Qxh6 22. Nd6 Re7 23. gxh7 1-0